| 000 | 00578nam a22001697a 4500 | ||
|---|---|---|---|
| 003 | MACL | ||
| 005 | 20160508125159.0 | ||
| 008 | 160508b xxu||||| |||| 00| 0 eng d | ||
| 040 | _cMACL | ||
| 041 | _aHindi | ||
| 082 | _a800 VDH | ||
| 100 |
_aवधान, अमरंसिंह _955690 |
||
| 245 |
_aकंप्यूटर क्रान्ति और साहित्य _cअमरसिंह वधान |
||
| 260 |
_aनई दिल्ली _bअभिषेक प्रकाशन _c2006 |
||
| 650 |
_aLiterature _955691 |
||
| 942 |
_2ddc _cHIN |
||
| 999 |
_c53935 _d53935 |
||